KLB Topscholar Performing Arts grade 8 learner's book (Record no. 22601)

MARC details
000 -LEADER
fixed length control field 00529nam a22001697a 4500
003 - CONTROL NUMBER IDENTIFIER
control field MUT
005 - DATE AND TIME OF LATEST TRANSACTION
control field 20250227132456.0
008 - FIXED-LENGTH DATA ELEMENTS--GENERAL INFORMATION
fixed length control field 250227b xxu||||| |||| 00| 0 eng d
020 ## - INTERNATIONAL STANDARD BOOK NUMBER
International Standard Book Number 97899658982
040 ## - CATALOGING SOURCE
Transcribing agency MUT
050 ## - LIBRARY OF CONGRESS CALL NUMBER
Classification number PN 1577
Item number .K55 2023
245 ## - TITLE STATEMENT
Title KLB Topscholar Performing Arts grade 8 learner's book
260 ## - PUBLICATION, DISTRIBUTION, ETC.
Place of publication, distribution, etc. Nairobi, Kenya
Name of publisher, distributor, etc. Kenya Literature Bureau
Date of publication, distribution, etc. 2023
650 ## - SUBJECT ADDED ENTRY--TOPICAL TERM
Topical term or geographic name entry element Performing arts
General subdivision Study and teaching (Secondary)
Geographic subdivision Kenya
700 ## - ADDED ENTRY--PERSONAL NAME
Personal name Nyachieo, David
942 ## - ADDED ENTRY ELEMENTS (KOHA)
Source of classification or shelving scheme Library of Congress Classification
Koha item type Short Loan Books
Holdings
Withdrawn status Lost status Source of classification or shelving scheme Damaged status Not for loan Home library Current library Shelving location Date acquired Source of acquisition Total checkouts Full call number Barcode Date last seen Price effective from Koha item type
    Library of Congress Classification   Not for loan Murang'a University of Technology Library Murang'a University of Technology Library ShortLoan Sect. 27/02/2025 Purchase   PN 1577 .K55 2023 031420 27/02/2025 27/02/2025 Short Loan Books
    Library of Congress Classification   Not for loan Murang'a University of Technology Library Murang'a University of Technology Library ShortLoan Sect. 27/02/2025 Purchase   PN 1577 .K55 2023 031418 27/02/2025 27/02/2025 Short Loan Books
    Library of Congress Classification   Not for loan Murang'a University of Technology Library Murang'a University of Technology Library ShortLoan Sect. 27/02/2025 Purchase   PN 1577 .K55 2023 031419 27/02/2025 27/02/2025 Short Loan Books